El libro de Dios y de los húngaros /

Uloženo v:
Podrobná bibliografie
Hlavní autor: Cisneros, Antonio (autor)
Další autoři: Herskovits, David (ilustración) (ilustración)
Médium: Kniha
Jazyk:španělština
Vydáno: Lima, Perú : Máquina Purísima, 2019, c2019
Témata:
Tagy: Přidat tag
Žádné tagy, Buďte první, kdo vytvoří štítek k tomuto záznamu!

MARC

LEADER 00000nam^a2200000^a^4500
001 000436734
005 20250521000000.0
008 220117
009 20260310123204.407
020 |a 978-612-46679-5-4 
037 |a Acervo ITESO - Biblioteca 
041 |a ESP 
082 |a 861.  |b CIS 
100 |a Cisneros, Antonio  |e (autor) 
245 1 3 |a El libro de Dios y de los húngaros /  |c A. Cisneros ; il. de D. Herskovits. 
264 4 |a Lima, Perú :  |b Máquina Purísima,  |c 2019, c2019 
300 |a 141 p. 
336 |a texto  |b txt  |2 rdacontenido 
337 |a sin mediación  |b n  |2 rdamedio 
338 |a volumen  |b nc  |2 rdasoporte 
521 |a FIL 2021 DIA 
591 |a Obra contenida en una caja (1 volumen) 
649 |a XX 
650 |a Poesía Religiosa 
650 |a Poesía Peruana 
650 |a Literatura Peruana -  |y Siglo XXI 
650 |a Literatura Religiosa -  |z Perú 
650 |a Religión y Literatura -  |z Perú 
650 |a Hungría en la Literatura 
700 |a Herskovits, David  |e (ilustración) 
910 |a Fondo General 
920 |a Impresos - Libros 
930 |a Reserva Especial 
940 |a Literatura 
905 |a 103 
901 |a 0500350479  |b IT1  |c REE  |i C176814  |u 20250521 
902 |a https://opac.biblio.iteso.mx/vufind/Record/000436734